| 000 | 00650nam a22001697a 4500 | ||
|---|---|---|---|
| 003 | NUST | ||
| 038 | _aNusrat Nadeem | ||
| 082 | _a200 | ||
| 100 |
_aMahmood, Ayesha _916934 |
||
| 245 |
_aA NEW DIGITAL PERSPECTIVE TO EMPLOYEE VOICE: ACHIEVING INNOVATION WORK BEHAVIOR THROUGH A MODERATION AND MEDIATION LENS OF, AMBIDEXTERITY, INVOLVEMENT AND AGILITY/ _cAyesha Mahmood, |
||
| 264 |
_aIslamabad, _bNBS NUST, _c2023 |
||
| 300 |
_aill; _b156,p: _c30,cm. |
||
| 650 |
_aMS-Management and Human Resource _9122991 |
||
| 700 |
_aSupervisor: Dr. Mehwish Iftikhar _9119918 |
||
| 856 | _uhttp://10.250.8.41:8080/xmlui/handle/123456789/41690 | ||
| 942 |
_2ddc _cSC |
||
| 999 |
_c607657 _d607657 |
||